MCTS (Record no. 152201)
[ view plain ]
| 000 -LEADER | |
|---|---|
| fixed length control field | 01310nam a2200313Ia 4500 |
| 100 1# - MAIN ENTRY--AUTHOR NAME | |
| Personal name | Panek, Will. |
| 245 10 - TITLE STATEMENT | |
| Title | MCTS |
| 260 ## - PUBLICATION, DISTRIBUTION, ETC. (IMPRINT) | |
| Place of publication | Indianapolis, IN : |
| Name of publisher | Wiley, |
| Year of publication | c2008. |
| 300 ## - PHYSICAL DESCRIPTION | |
| Number of Pages | xliv, 576 p. : |
| Other physical details | ill. |
| 500 ## - GENERAL NOTE | |
| General note | Includes index. |
| 650 #0 - SUBJECT ADDED ENTRY--TOPICAL TERM | |
| Topical Term | Electronic data processing personnel |
| Topical Term | Microsoft software |
| 700 1# - ADDED ENTRY--PERSONAL NAME | |
| Personal name | Chellis, James. |
| Personal name | Fournier, Rodney. |
| 856 40 - ELECTRONIC LOCATION AND ACCESS | |
| Uniform Resource Identifier | http://site.ebrary.com/lib/rucke/Doc?id=10232895 |
No items available.
